[Event "Lloyds Bank op"]
[Site "London"]
[Date "1987.??.??"]
[Round "5"]
[White "Littlewood, Paul E"]
[Black "Nunn, John DM"]
[Result "0-1"]
[WhiteElo "2470"]
[BlackElo "2585"]

1.d4 Nf6 2.c4 g6 3.Nc3 Bg7 4.e4 d6 5.Be2 O-O 6.Nf3 e5 7.O-O Nc6 8.d5 Ne7
9.Nd2 c5 10.Rb1 Ne8 11.b4 b6 12.bxc5 bxc5 13.Nb3 f5 14.Bg5 Kh8 15.Bxe7 Qxe7
16.Na5 Nf6 17.Nc6 Qf7 18.Bf3 g5 19.exf5 Bxf5 20.Rb3 g4 21.Be2 Bh6 22.Bd3 e4
23.Be2 Rae8 24.Nb5 Qd7 25.Ra3 Ra8 26.Ncxa7 e3 27.f3 gxf3 28.Rxf3 Bg4 29.Rxf6 Bxe2
30.Rxf8+ Rxf8 31.Qxe2 Rf2 32.Rxe3 Rxe2 33.Rxe2 Qg4 34.Re8+ Kg7 35.Nc6 Bg5
36.Nc7 Qxc4 37.g3 Qd3 38.Kg2 c4 39.Ne6+ Kh6 40.Ned4 c3 41.Re6+ Kg7 42.Rxd6 c2
43.Nxc2 Qxc2+ 44.Kf3 Qf5+ 45.Kg2 h5  0-1

[Event "Lloyds Bank op"]
[Site "London"]
[Date "1987.??.??"]
[Round "6"]
[White "Nunn, John DM"]
[Black "Wilder, Michael"]
[Result "0-1"]
[WhiteElo "2585"]
[BlackElo "2505"]

1.e4 c5 2.Nf3 d6 3.d4 cxd4 4.Nxd4 Nf6 5.Nc3 Nc6 6.Bg5 e6 7.Qd2 a6 8.O-O-O h6
9.Bf4 Bd7 10.Nxc6 Bxc6 11.Qe1 Be7 12.h4 Qc7 13.f3 b5 14.Kb1 b4 15.Ne2 O-O
16.Nd4 Bb7 17.Bd2 d5 18.e5 Nd7 19.f4 a5 20.Bb5 Ba6 21.Bxd7 Qxd7 22.g4 Bc5
23.Be3 Rfc8 24.Rh2 a4 25.b3 Bf8 26.f5 axb3 27.cxb3 Rc3 28.Rhd2 Bc5 29.f6 Qa7
30.Qf2 Rxb3+ 31.Nxb3 Bxe3 32.Qg2 Bxd2 33.Qxd2 Bd3+ 34.Ka1 Bc4 35.Rb1 Qc7
36.Qe3 gxf6 37.exf6 Qh2 38.Rb2 Qxh4 39.Qf4 Bxb3 40.Rxb3 Qe1+ 41.Rb1 Qc3+
42.Rb2 b3 43.a4 Qc4  0-1

[Event "Lloyds Bank op"]
[Site "London"]
[Date "1987.??.??"]
[Round "7"]
[White "Benjamin, Joel"]
[Black "Nunn, John DM"]
[Result "1-0"]
[WhiteElo "2575"]
[BlackElo "2585"]

1.Nc3 e5 2.Nf3 Nc6 3.d4 exd4 4.Nxd4 Nf6 5.Bg5 Bb4 6.Nxc6 bxc6 7.Qd4 Be7 8.e4 O-O
9.Bd3 h6 10.Bh4 d5 11.e5 Ng4 12.Bxe7 Qxe7 13.f4 f6 14.O-O fxe5 15.fxe5 Rxf1+
16.Rxf1 Qxe5 17.Qxe5 Nxe5 18.Re1 Nxd3 19.cxd3 Kf7 20.d4 Rb8 21.b3 Bf5 22.Na4 Be4
23.Nc5 Re8 24.Kf2 g5 25.Rc1 Bf5 26.Rc3 Kg7 27.b4 h5 28.Ra3 Rb8 29.Ra4 Bc2
30.Rxa7 Rxb4 31.Rxc7+ Kg8 32.Ke3 Rb2 33.a4 Ra2 34.Rxc6 h4 35.Rd6 Bd1 36.Rg6+ Kf7
37.Rxg5 h3 38.gxh3 Rxh2 39.Rxd5 Rxh3+ 40.Kf4 Ra3 41.Rd7+ Kf6 42.Rd6+ Ke7
43.Ra6 Kd8 44.a5 Be2 45.Re6 Bc4 46.Rc6 Bb5 47.Re6 Bc4 48.Re3 Ra2 49.Rc3 Bf1
50.d5 Bg2 51.a6 Bxd5 52.Rd3 Kc7 53.Rxd5 Kb6 54.Ke4 Ra1 55.Rh5 Re1+ 56.Kd4 Rd1+
57.Kc4 Rc1+ 58.Kb4 Rb1+ 59.Kc3 Rc1+ 60.Kb3 Rb1+ 61.Kc3 Rc1+ 62.Kb2 Rg1 63.Rh8 Rg7
64.Rh5 Rg3 65.Rd5 Rh3 66.Kc2 Rg3 67.Kd2 Ra3 68.Ke2 Rh3 69.Kf2 Rh4 70.Kg3 Rb4
71.Rd8 Rc4 72.Rb8+ Ka7 73.Rb7+ Ka8 74.Rc7 Kb8 75.Rb7+ Ka8 76.Rb5 Ka7 77.Kf3 Rd4
78.Ke3 Rd5 79.Ke4 Rd1 80.Ke5 Rd2 81.Rb7+ Ka8 82.Rd7 Rh2 83.Kd5 Rh6 84.Rd6 Rh5+
85.Kc6 Rh1 86.Rd8+ Ka7 87.Rd7+ Ka8 88.Nd3 Rh6+ 89.Rd6 Rh8 90.Nb4 Rc8+ 91.Kb6 Rb8+
92.Ka5 Rh8 93.Nd5 Rg8 94.Nc7+ Ka7 95.Nb5+ Ka8 96.a7 Rc8 97.Rb6  1-0

[Event "Lloyds Bank op"]
[Site "London"]
[Date "1987.??.??"]
[Round "9"]
[White "Zsinka, Laszlo"]
[Black "Nunn, John DM"]
[Result "0-1"]
[WhiteElo "2395"]
[BlackElo "2585"]

1.d4 Nf6 2.c4 g6 3.Nc3 Bg7 4.e4 d6 5.f3 O-O 6.Be3 Nc6 7.Nge2 a6 8.Qd2 Rb8
9.a3 Bd7 10.b4 e5 11.d5 Ne7 12.Ng3 Ne8 13.Bd3 c6 14.O-O cxd5 15.Nxd5 Nxd5
16.cxd5 h5 17.Rac1 Qe7 18.Ba7 Ra8 19.Be3 h4 20.Ne2 f5 21.exf5 gxf5 22.f4 h3
23.gxh3 Qh4 24.Kg2 Rf6 25.Ng1 e4 26.Be2 Kh8 27.Kh1 Rg6 28.Rf2 Qe7 29.Rg2 Rxg2
30.Kxg2 Ba4 31.Bf1 Nf6 32.Ne2 Qf7 33.Ng3 Nxd5 34.Bd4 Bc6 35.Kg1 Rf8 36.Bc4 Bxd4+
37.Qxd4+ Qf6 38.Nxf5 Nxf4 39.Qxf6+ Rxf6 40.Ne3 d5 41.Bf1 d4 42.Ng4 Re6  0-1

[Event "Lugano op"]
[Site "Lugano"]
[Date "1987.??.??"]
[Round "?"]
[White "Nunn, John DM"]
[Black "Hort, Vlastimil"]
[Result "1/2-1/2"]
[WhiteElo "2585"]
[BlackElo "2555"]

1.e4 c6 2.d4 d5 3.e5 Bf5 4.Nc3 Qd7 5.Be3 h5 6.Nf3 Nh6 7.h3 e6 8.Be2 Be7 9.Qd2 b5
10.Bg5 a5 11.Rc1 Qd8 12.a4 b4 13.Nd1 Na6 14.O-O Bg6 15.Qf4 Nf5 16.Bxe7 Nxe7
17.Ne3 Qb6 18.Rfd1 O-O-O 19.Nh4 Rd7 20.Nxg6 Nxg6 21.Qg5 c5 22.c4 bxc3 23.bxc3 c4
24.Bxh5 Qd8 25.Qxd8+ Rhxd8 26.Bxg6 fxg6 27.h4 Rb7 28.g3 Kd7 29.Ng2 Rb3 30.Nf4 Nc7
31.Nxg6 Ra3 32.Re1 Rxa4 33.Re3 Ra3 34.Rf3 Kc6 35.Rf7 Nb5 36.Rxg7 Rxc3 37.Ra1 Kb6
38.h5 Nxd4 39.Re7 Rb3 40.h6 c3 41.Kg2 c2 42.Rc1 a4 43.h7 Rb1 44.Rxc2 Nxc2
45.Rg7 Ne1+ 46.Kh2 Nf3+ 47.Kg2 Ne1+  1/2-1/2

[Event "Lugano op"]
[Site "Lugano"]
[Date "1987.??.??"]
[Round "?"]
[White "Nunn, John DM"]
[Black "Kuijf, Marinus"]
[Result "1-0"]
[WhiteElo "2585"]
[BlackElo "2470"]

1.e4 Nf6 2.e5 Nd5 3.d4 d6 4.Nf3 Bg4 5.Be2 e6 6.O-O Be7 7.h3 Bh5 8.c4 Nb6
9.Nc3 O-O 10.Be3 Nc6 11.exd6 cxd6 12.d5 exd5 13.Nxd5 Bxf3 14.Bxb6 axb6 15.Bxf3 Bf6
16.Nxf6+ Qxf6 17.Qd2 Ra5 18.Bd5 Rfa8 19.Rfe1 h6 20.a4 Nd4 21.Rad1 Nc6 22.b3 Rd8
23.Re4 Qg5 24.Qc3 Raa8 25.Rde1 h5 26.R1e3 Kf8 27.Rf3 Rd7 28.h4 Qh6 29.Re6 g6
30.Rxd6 Rad8 31.Rdf6  1-0

[Event "Lugano op"]
[Site "Lugano"]
[Date "1987.??.??"]
[Round "?"]
[White "Seirawan, Yasser"]
[Black "Nunn, John DM"]
[Result "1-0"]
[WhiteElo "2595"]
[BlackElo "2585"]

1.d4 Nf6 2.c4 g6 3.Nc3 Bg7 4.e4 d6 5.f3 O-O 6.Be3 Nbd7 7.Nh3 e5 8.d5 Nh5
9.g4 Nf4 10.Nxf4 exf4 11.Bxf4 Ne5 12.Be2 f5 13.gxf5 gxf5 14.Qd2 fxe4 15.Nxe4 Qh4+
16.Bg3 Qh5 17.Ng5 Nxf3+ 18.Nxf3 Rxf3 19.Bxf3 Qxf3 20.Rf1 Qh5 21.Rf4 Bh6 22.Qe2 Qxe2+
23.Kxe2 Bxf4 24.Bxf4 Bg4+ 25.Kd2 Rf8 26.Be3 Bf5 27.Bxa7 b6 28.Rf1 Kg7 29.Bb8 Kg6
30.Bxc7 Rc8 31.Bxd6 Rxc4 32.Ke3 Re4+ 33.Kf3 Rd4 34.Bc7 Rb4 35.b3 Be4+ 36.Ke3 Bxd5
37.Rd1 Be6 38.Rd6 Kf5 39.Rxb6 Re4+ 40.Kd3 Re1 41.a4 Bd5 42.Bg3 Rb1 43.Kc2 Be4+
44.Kc3 Rc1+ 45.Kd4 Rd1+ 46.Kc5 Ra1 47.Kd4 Rd1+ 48.Kc3 Rc1+ 49.Kb2 Rc2+ 50.Ka3 h5
51.Rb5+ Kg4 52.Re5 Bc6 53.Re3 h4 54.Bb8 Bg2 55.b4 Rc8 56.Bd6 Rd8 57.Bc7 Rd7
58.Rc3 Kf5 59.b5 Rd1 60.Kb4 Ke6 61.Rc4 h3 62.Kc5 Bf1 63.Rd4 Rb1 64.Rb4 Rc1+
65.Kb6 Bc4 66.Bf4 Rc2 67.Ka7  1-0

[Event "Lugano op"]
[Site "Lugano"]
[Date "1987.??.??"]
[Round "?"]
[White "Nunn, John DM"]
[Black "Costa, Jean Luc"]
[Result "1-0"]
[WhiteElo "2585"]
[BlackElo "2320"]

1.e4 e5 2.Nf3 d6 3.Bc4 Bg4 4.d3 Nf6 5.h3 Bh5 6.Nbd2 Nbd7 7.Nf1 c6 8.Ng3 Bg6
9.O-O d5 10.exd5 cxd5 11.Bb3 Bd6 12.Bg5 Qb6 13.Nh4 O-O 14.Nhf5 Bc5 15.Qf3 Qc6
16.Rae1 Rfe8 17.Re2 a5 18.a3 a4 19.Ba2 Bb6 20.Rfe1 Ba5 21.c3 Bc7 22.d4 e4
23.Qe3 Re6 24.f4 Bxf5 25.Nxf5 Kh8 26.Rf1 Ng8 27.Qg3 Rg6 28.h4 h5 29.Qh3 f6
30.Ne3 Ne7 31.g4 hxg4 32.Qxg4 fxg5 33.hxg5 Kg8 34.f5 Rd6 35.f6 Ng6 36.Qxe4 Nh8
37.Nxd5  1-0

[Event "Szirak Interzonal"]
[Site "Szirak"]
[Date "1987.??.??"]
[Round "1"]
[White "Nunn, John DM"]
[Black "Velimirovic, Dragoljub"]
[Result "1-0"]
[WhiteElo "2585"]
[BlackElo "2520"]

1.e4 c5 2.Nf3 Nc6 3.d4 cxd4 4.Nxd4 g6 5.c4 Bg7 6.Be3 Nf6 7.Nc3 d6 8.Be2 Bd7
9.O-O O-O 10.Rc1 Nxd4 11.Bxd4 Bc6 12.f3 a5 13.b3 Bh6 14.Rc2 Nd7 15.Kh1 Nc5
16.Nd5 Bg7 17.Bxg7 Kxg7 18.Rd2 Bxd5 19.Rxd5 Qb6 20.Qd4+ f6 21.f4 Qb4 22.Rd1 a4
23.e5 axb3 24.axb3 Ra2 25.Bf3 b6 26.Qe3 dxe5 27.fxe5 Qxb3 28.exf6+ exf6 29.Rd7+ Rf7
30.Rxf7+ Kxf7 31.Rd7+ Nxd7 32.Qxb3 Ra1+ 33.Bd1 Nc5 34.Qc2 Ne4 35.Kg1 f5 36.h3 h5
37.h4 Ke7 38.Kh2 Nf6 39.Qb2  1-0

[Event "OHRA"]
[Site "Amsterdam"]
[Date "1988.??.??"]
[Round "?"]
[White "Hort, Vlastimil"]
[Black "Nunn, John DM"]
[Result "1/2-1/2"]
[WhiteElo "2595"]
[BlackElo "2625"]

1.e4 e5 2.Nf3 Nc6 3.Bb5 a6 4.Bxc6 dxc6 5.Nc3 f6 6.d4 exd4 7.Qxd4 Qxd4 8.Nxd4 Bd7
9.Bf4 O-O-O 10.O-O-O Bb4 11.Nce2 Ne7 12.Bg3 c5 13.Nf3 c4 14.Nfd4 Rhe8 15.Nf4 Nc6
16.Nxc6 Bxc6 17.Rxd8+ Kxd8  1/2-1/2

[Event "OHRA"]
[Site "Amsterdam"]
[Date "1988.??.??"]
[Round "?"]
[White "Kortschnoj, Viktor"]
[Black "Nunn, John DM"]
[Result "1/2-1/2"]
[WhiteElo "2595"]
[BlackElo "2625"]

1.Nf3 Nf6 2.c4 g6 3.g3 Bg7 4.Bg2 c6 5.d4 d5 6.b3 O-O 7.O-O Bf5 8.Bb2 Nbd7
9.Nbd2 Ne4 10.Nh4 Nxd2 11.Qxd2 Be6 12.cxd5 cxd5 13.Qb4 a5 14.Qxb7 a4 15.Qb5  1/2-1/2

[Event "OHRA"]
[Site "Amsterdam"]
[Date "1988.??.??"]
[Round "?"]
[White "Nunn, John DM"]
[Black "Hort, Vlastimil"]
[Result "1-0"]
[WhiteElo "2625"]
[BlackElo "2595"]

1.e4 e6 2.d4 d5 3.Nc3 Bb4 4.e5 Qd7 5.Bd2 Ne7 6.Qg4 Nf5 7.Bd3 h5 8.Qf4 Nc6
9.Bxf5 exf5 10.Nf3 Bxc3 11.Bxc3 Qe7 12.Qg3 Rh7 13.h4 Be6 14.Bd2 O-O-O 15.O-O Qd7
16.b4 Ne7 17.a4 Qc6 18.b5 Qxc2 19.Rfc1 f4 20.Qg5  1-0

[Event "OHRA"]
[Site "Amsterdam"]
[Date "1988.??.??"]
[Round "?"]
[White "Nunn, John DM"]
[Black "Ljubojevic, Ljubomir"]
[Result "0-1"]
[WhiteElo "2625"]
[BlackElo "2590"]

1.e4 c5 2.Nf3 d6 3.d4 cxd4 4.Nxd4 Nf6 5.Nc3 g6 6.Be3 Bg7 7.f3 O-O 8.Qd2 Nc6
9.Bc4 Bd7 10.h4 Rc8 11.Bb3 Ne5 12.O-O-O Nc4 13.Bxc4 Rxc4 14.h5 Nxh5 15.g4 Nf6
16.Bh6 Nxe4 17.Qe3 Rxc3 18.bxc3 Nf6 19.Bxg7 Kxg7 20.Rh2 Rg8 21.Ne2 Bc6 22.Ng3 Kf8
23.c4 Rg7 24.Re2 a6 25.g5 Nd7 26.f4 f5 27.gxf6 Nxf6 28.c5 d5 29.Qd4 Qa5 30.c3 Nd7
31.c4 Qa3+ 32.Kb1 Qb4+ 33.Rb2 Qxc4 34.Ne2 Nxc5 35.Rc2 Qxd4 36.Nxd4 Ba4 37.Rxc5 Bxd1
38.Ne6+ Kf7 39.Nxg7 Kxg7 40.Rxd5 Bf3  0-1

[Event "OHRA"]
[Site "Amsterdam"]
[Date "1988.??.??"]
[Round "?"]
[White "Ljubojevic, Ljubomir"]
[Black "Nunn, John DM"]
[Result "1/2-1/2"]
[WhiteElo "2590"]
[BlackElo "2625"]

1.e4 e5 2.Nf3 Nc6 3.Bb5 a6 4.Ba4 Nf6 5.O-O Be7 6.Re1 b5 7.Bb3 O-O 8.c3 d5
9.exd5 Nxd5 10.Nxe5 Nxe5 11.Rxe5 c6 12.d4 Bd6 13.Re1 Qh4 14.g3 Qh3 15.Be3 Bg4
16.Qd3 Rae8 17.Nd2 Re6 18.Bd1 Bxd1 19.Raxd1 f5 20.Nf3 Rg6 21.Qf1 Qh5 22.Ne5 Bxe5
23.dxe5 f4 24.Bc1 Rh6 25.Qg2 f3 26.Qh1 Re6 27.h4 Rxe5 28.Qh3 Rxe1+ 29.Rxe1 Re8
30.Re6 h6 31.Be3 Nxe3 32.Rxe3 Rxe3  1/2-1/2

[Event "Bundesliga 8788"]
[Site "Germany"]
[Date "1988.??.??"]
[Round "?"]
[White "Nunn, John DM"]
[Black "Darga, Klaus"]
[Result "1/2-1/2"]
[WhiteElo "2585"]
[BlackElo "2470"]

1.e4 e6 2.d4 d5 3.Nc3 Nc6 4.Nf3 Nf6 5.exd5 exd5 6.Bb5 Bb4 7.O-O O-O 8.Bxc6 bxc6
9.Ne5 Bxc3 10.bxc3 Qd6 11.a4 Re8 12.Ba3 Qe6 13.Re1 Ba6 14.Re3 Ne4 15.Qh5 f6
16.Nd3 Qf7 17.Qxf7+ Kxf7 18.Nb4 Bb7 19.a5 c5 20.dxc5 Nxc5 21.Nxd5 Bxd5 22.Bxc5 Rxe3
23.Bxe3 a6 24.Rd1 Rb8 25.h4 Ke6 26.Bf4 Rb5 27.c4 Bxc4 28.Bxc7 Bd5 29.Bb6 Rb4
30.Rd4 Rxd4 31.Bxd4 h5 32.Kf1 g5 33.hxg5 fxg5 34.f3 Kf5 35.Ke2 Bc4+ 36.Ke3 h4
37.Bb6 Bf1 38.Kf2 Bc4 39.Bc7 Bb5 40.Ke3 Bf1 41.g4+ hxg3 42.Bxg3 Bb5 43.c3  1/2-1/2

[Event "Bundesliga 8788"]
[Site "Germany"]
[Date "1988.??.??"]
[Round "?"]
[White "Hort, Vlastimil"]
[Black "Nunn, John DM"]
[Result "1/2-1/2"]
[WhiteElo "2590"]
[BlackElo "2615"]

1.e4 e5 2.Nf3 Nf6 3.Nxe5 d6 4.Nf3 Nxe4 5.Qe2 Qe7 6.Nc3 Nxc3 7.Qxe7+ Bxe7
8.dxc3 Nc6 9.Be3 Bf5 10.Bd3 Bxd3 11.cxd3 Ne5 12.Nxe5 dxe5 13.O-O-O  1/2-1/2

[Event "Bundesliga 8788"]
[Site "Germany"]
[Date "1988.??.??"]
[Round "?"]
[White "Nunn, John DM"]
[Black "Gutman, Lev"]
[Result "1-0"]
[WhiteElo "2585"]
[BlackElo "2475"]

1.e4 c5 2.Nf3 d6 3.d4 cxd4 4.Nxd4 Nf6 5.Nc3 a6 6.Be3 e5 7.Nf3 Be7 8.Bc4 h6
9.O-O Qc7 10.Qe2 Bg4 11.Bb3 Nbd7 12.h3 Be6 13.Nh4 O-O 14.Nf5 Bxf5 15.exf5 b5
16.a4 bxa4 17.Rxa4 a5 18.Rfa1 Bd8 19.Nd5 Qb7 20.Qd2 Kh7 21.Nxf6+ Nxf6 22.Qxd6 Bc7
23.Qc5 e4 24.Rd1 Rfc8 25.Qa3 Rd8 26.Rxd8 Rxd8 27.Rd4 Rc8 28.Bxf7 Bh2+ 29.Kxh2 Qxf7
30.c3 Rb8 31.Rd2 Rb5 32.g4 Nd5 33.Qd6 h5 34.c4 Nxe3 35.cxb5 Nf1+ 36.Kg2 Nxd2
37.Qg6+  1-0

[Event "Bundesliga 8788"]
[Site "Germany"]
[Date "1988.??.??"]
[Round "?"]
[White "Nunn, John DM"]
[Black "Keitlinghaus, Ludger"]
[Result "1/2-1/2"]
[WhiteElo "2615"]
[BlackElo "2390"]

1.e4 e6 2.d4 d5 3.Nc3 Nc6 4.Nf3 Nf6 5.Bg5 Be7 6.Bxf6 Bxf6 7.Bb5 O-O 8.O-O Kh8
9.Re1 dxe4 10.Rxe4 Qd6 11.Qd2 Rd8 12.Rd1 b6 13.Rf4 Nxd4 14.Nxd4 Bg5 15.Ne4 Qxf4
16.Nxg5 Qxd2 17.Rxd2 Kg8 18.Bc6 Rb8 19.Ngf3 f6 20.b4 e5 21.Nb5 Rxd2 22.Nxd2 Be6
23.Kf1 a6 24.Nc3 Rd8 25.Ke2 Rd4 26.a3 Kf8 27.Bb7 a5 28.Nb5 Bc4+ 29.Nxc4 Rxc4
30.Kd3 Rf4 31.bxa5 bxa5 32.f3 Rh4 33.h3 Ke7 34.Bc6 f5 35.Bd5 Kd7 36.Nc3 Kd6
37.Bb3 c6 38.Ne2 g6 39.Ke3 g5 40.Kf2 Ke7 41.Ke3  1/2-1/2

[Event "Bundesliga 8788"]
[Site "Germany"]
[Date "1988.??.??"]
[Round "?"]
[White "Nunn, John DM"]
[Black "Ribli, Zoltan"]
[Result "1/2-1/2"]
[WhiteElo "2615"]
[BlackElo "2620"]

1.e4 c5 2.Nf3 d6 3.d4 cxd4 4.Nxd4 Nf6 5.Nc3 a6 6.Be3 e6 7.f3 Nbd7 8.g4 h6
9.h4 Qb6 10.Qd2 Qxb2 11.Nb3 Ne5 12.Be2 Qa3 13.Kf2 b5 14.Qe1 d5 15.g5 Nfd7
16.exd5 Bb7 17.Rd1 Rc8 18.f4 Nc4 19.Bc1 Qe7 20.Bf3 e5 21.Ne4 Qd8 22.Kg3 Qb6
23.Bg4 hxg5 24.Nxg5 Bd6 25.Nxf7 Kxf7 26.Bxd7 exf4+ 27.Kh3 Rh6 28.Be6+ Kf8
29.Nd4 Re8 30.Qe4 Qd8 31.Qf5+ Qf6 32.Qxf6+  1/2-1/2

[Event "Bundesliga 8788"]
[Site "Germany"]
[Date "1988.??.??"]
[Round "?"]
[White "Nunn, John DM"]
[Black "Zysk, Robert"]
[Result "1-0"]
[WhiteElo "2585"]
[BlackElo "2400"]

1.e4 e6 2.d4 d5 3.Nc3 Nf6 4.e5 Nfd7 5.f4 c5 6.Nf3 Nc6 7.Be3 Qb6 8.Na4 Qa5+
9.c3 cxd4 10.b4 Nxb4 11.cxb4 Bxb4+ 12.Bd2 Bxd2+ 13.Nxd2 b6 14.Bd3 Ba6 15.Nb2 Nc5
16.Bxa6 Qxa6 17.Qe2 Qa3 18.Qb5+ Ke7 19.O-O Qe3+ 20.Rf2 Rhc8 21.Nf1 Qc3 22.Rf3 d3
23.Rd1 Qd4+ 24.Kh1 Ne4 25.Nxd3 Rc2 26.Ne3 Rd2 27.f5 Rc8 28.fxe6 Rxd1+ 29.Nxd1 fxe6
30.Qa6 Rc7 31.Qa3+ Nc5 32.Nc3 Kd8 33.h3 Kc8 34.Nb5 Qa1+ 35.Kh2 Nxd3 36.Nd6+ Kd8
37.Rf8+ Kd7 38.Qa4+ Rc6 39.Qxa7+  1-0

[Event "Bundesliga 8788"]
[Site "Germany"]
[Date "1988.??.??"]
[Round "?"]
[White "Ostl, Andreas"]
[Black "Nunn, John DM"]
[Result "0-1"]
[WhiteElo "2385"]
[BlackElo "2585"]

1.Nf3 g6 2.g3 Bg7 3.Bg2 e5 4.O-O d5 5.d3 Nc6 6.Nbd2 Nge7 7.c4 O-O 8.cxd5 Nxd5
9.a3 a5 10.Qc2 Nd4 11.Nxd4 exd4 12.Nf3 h6 13.Bd2 Be6 14.e4 dxe3 15.fxe3 c6
16.Rab1 Qb6 17.Rfe1 Rfd8 18.Kh1 a4 19.e4 Nc7 20.d4 Nb5 21.Be3 Nxd4 22.Nxd4 Bxd4
23.Bxh6 Ra5 24.Bf1 Ba2 25.Ra1 Bb3 26.Qg2 Rc5 27.Bd3 Rh5 28.Bf4 Bxb2 29.Qxb2 Rxd3
30.g4 Rhh3 31.Be5 Qd8 32.Re2 Rhf3 33.Rae1 c5 34.Qc1 Qe7 35.Ba1 c4 36.Re3 Rfxe3  0-1

[Event "Bundesliga 8788"]
[Site "Germany"]
[Date "1988.??.??"]
[Round "?"]
[White "Raupp, Thomas"]
[Black "Nunn, John DM"]
[Result "0-1"]
[WhiteElo "2300"]
[BlackElo "2585"]

1.Nf3 g6 2.d4 Bg7 3.g3 c5 4.Bg2 cxd4 5.Nxd4 Nc6 6.Nxc6 bxc6 7.O-O Rb8 8.Nd2 Nf6
9.c4 O-O 10.Qc2 d5 11.cxd5 cxd5 12.Nb3 Bf5 13.Qc5 Qd7 14.Be3 a6 15.Bd4 Rfe8
16.Be5 Rbc8 17.Qa3 Bh3 18.Nd4 Bxg2 19.Kxg2 Qb7 20.Qb3 Qa8 21.Nf3 Ne4 22.Bxg7 Kxg7
23.Rac1 e5 24.Rxc8 Rxc8 25.Rd1 d4 26.Kg1 Rc5 27.Ne1 Ng5 28.f3 Ne6 29.Nd3 Rb5
30.Qc2 e4 31.fxe4 Qxe4 32.Qd2 h5 33.Nf2 Qb7 34.b3 h4 35.Qd3 Re5 36.Qf3 Qb5
37.Rd3 Qa5 38.Kf1 hxg3 39.Qxg3 Rg5 40.Qh4 Qxa2 41.Rxd4 Rh5  0-1

[Event "Bundesliga 8788"]
[Site "Germany"]
[Date "1988.??.??"]
[Round "?"]
[White "Short, Nigel D"]
[Black "Nunn, John DM"]
[Result "1/2-1/2"]
[WhiteElo "2630"]
[BlackElo "2615"]

1.e4 e5 2.Nf3 Nc6 3.Bb5 a6 4.Ba4 Nf6 5.O-O Be7 6.Bxc6 dxc6 7.Qe1 Nd7 8.d4 exd4
9.Nxd4 Nc5 10.Qe3 O-O 11.Nc3 Re8 12.Rd1 Bd6 13.b4 Nd7 14.Nf5 Ne5 15.Nxd6 cxd6
16.Qg3 f6 17.Be3 Qe7 18.a4 a5 19.b5 Be6 20.h3 Nc4 21.Bf4 Rad8 22.bxc6 bxc6
23.Rab1 Bf7 24.Rd4 Qa7 25.Bh6 Be6 26.Ne2 Kh8 27.Be3 Nxe3 28.Qxe3 Kg8 29.Qd2 d5
30.Nf4 Bf7 31.exd5 g5 32.d6 gxf4 33.Rxf4 Kg7 34.h4 Re5 35.c4 Qd7 36.Rd1 Qe6
37.Kh2 c5 38.d7 Bh5 39.f3 Re2 40.Qd6 Bg6 41.Qxc5 Rxd7 42.Rxd7+ Qxd7 43.Qxa5 Qd6
44.Qa7+ Re7  1/2-1/2

[Event "Groningen"]
[Site "Groningen"]
[Date "1988.??.??"]
[Round "?"]
[White "Lautier, Joel"]
[Black "Nunn, John DM"]
[Result "1-0"]
[WhiteElo "2365"]
[BlackElo "2620"]

1.d4 Nf6 2.c4 g6 3.Nc3 Bg7 4.e4 d6 5.Nf3 O-O 6.Be2 e5 7.O-O Nc6 8.d5 Ne7
9.Ne1 Nd7 10.Nd3 f5 11.Bd2 Nf6 12.f3 f4 13.g4 h5 14.g5 Nh7 15.h4 c6 16.Be1 Rf7
17.Bf2 Bh3 18.Re1 Nxg5 19.Kh2 Nh7 20.Kxh3 g5 21.Rg1 Bf6 22.Kh2 Rg7 23.Bf1 gxh4
24.Rxg7+ Kxg7 25.c5 cxd5 26.cxd6 Qxd6 27.Bc5 Qd8 28.Bxe7 Qxe7 29.Nxd5 Qf7
30.Bh3 Kh6 31.Rc1 Rg8 32.Rc7 Qf8 33.Bf5 Rg7 34.Rc8 Qf7 35.Nc5 h3 36.Ne6 Rg2+
37.Kh1 Bh4 38.Rc7 Bg3 39.Qg1 Bf2 40.Rxf7 Rxg1+ 41.Kh2  1-0

[Event "Groningen"]
[Site "Groningen"]
[Date "1988.??.??"]
[Round "?"]
[White "Nunn, John DM"]
[Black "Rogers, Ian"]
[Result "0-1"]
[WhiteElo "2620"]
[BlackElo "2535"]

1.e4 e6 2.d4 d5 3.Nc3 Bb4 4.e5 c5 5.a3 Bxc3+ 6.bxc3 Ne7 7.Nf3 Qa5 8.Bd2 Nbc6
9.Be2 cxd4 10.cxd4 Qa4 11.Rb1 Nxd4 12.Bd3 Ndc6 13.O-O Qxa3 14.Rb3 Qc5 15.Rb5 Qa3
16.Qb1 a6 17.Rb3 Qc5 18.Rc3 Qa7 19.Be3 Qb8 20.Qb6 Bd7 21.Rb3 Qd8 22.Qc5 Bc8
23.Qc3 h6 24.Bb6 Qd7 25.Re1 O-O 26.h3 f6 27.exf6 Rxf6 28.Rbb1 Qe8 29.Bc7 b5
30.Ne5 Bd7 31.Ng4 Rf7 32.Qd2 Nf5 33.Ne5 Nxe5 34.Bxe5 a5 35.f4 a4 36.Ba1 Qf8
37.Re5 Rc8 38.Rf1 Nd6 39.Qe2 Nc4 40.Rxe6 Bxe6 41.Qxe6 Qc5+ 42.Kh1 Qc6 43.Bf5 Ne3  0-1

[Event "Groningen"]
[Site "Groningen"]
[Date "1988.??.??"]
[Round "?"]
[White "Nunn, John DM"]
[Black "Khalifman, Alexander"]
[Result "1/2-1/2"]
[WhiteElo "2620"]
[BlackElo "2530"]

1.e4 e5 2.Nf3 Nf6 3.Nxe5 d6 4.Nf3 Nxe4 5.d4 d5 6.Bd3 Nc6 7.O-O Be7 8.c4 Nb4
9.Be2 O-O 10.Nc3 Be6 11.a3 Nxc3 12.bxc3 Nc6 13.cxd5 Bxd5 14.Qc2 Qd6 15.Re1 Rae8
16.Bd3 Bxf3 17.gxf3 Kh8 18.Qb3 Nd8 19.Qb5 a6 20.Qh5 g6 21.Qh6 Ne6 22.Re5 Rg8
23.Bc4 Bf6 24.Re4 b5 25.Bb3 c5 26.Bf4 Nxf4 27.Qxf4 Qxf4  1/2-1/2

[Event "Groningen"]
[Site "Groningen"]
[Date "1988.??.??"]
[Round "?"]
[White "Nunn, John DM"]
[Black "Brenninkmeijer, Joris"]
[Result "1-0"]
[WhiteElo "2620"]
[BlackElo "2390"]

1.e4 e6 2.d4 d5 3.Nc3 Bb4 4.e5 c5 5.a3 Bxc3+ 6.bxc3 Ne7 7.Nf3 Bd7 8.a4 Qa5
9.Bd2 Nbc6 10.Bb5 f6 11.Qe2 fxe5 12.Nxe5 Nxe5 13.Qxe5 Bxb5 14.c4 Qd8 15.cxb5 cxd4
16.O-O O-O 17.Qxe6+ Rf7 18.Rad1 Nf5 19.Rfe1 Qd7 20.Qxd7 Rxd7 21.Re5 g6 22.Bg5 h5
23.h3 h4 24.Rde1 Rf8 25.R1e2 Kg7 26.Kh2 Rff7 27.Re8 Rf8 28.R8e5 Rff7 29.Bc1 Rf8
30.Bb2 Rc8 31.g4 hxg3+ 32.fxg3 Rc4 33.g4 Nh6 34.Rd2 Nf7 35.Re3 Rxa4 36.Bxd4+ Kf8
37.c3 Ng5 38.Rf2+ Rf7 39.Bc5+ Kg7 40.Bd4+ Kf8 41.Bc5+ Kg7 42.Rxf7+ Kxf7 43.Re7+ Kf6
44.Rxb7 Ra2+ 45.Kg1 Nxh3+ 46.Kf1 Rb2 47.Bxa7 Ng5 48.Bd4+ Ke6 49.Rb6+ Kd7
50.Rxg6 Ne6 51.b6 Nxd4 52.cxd4 Rb4 53.Kf2 Rxd4 54.b7 Kc7 55.Rg7+ Kb8 56.g5 Rg4
57.Kf3 Rg1 58.Kf4  1-0

[Event "Groningen"]
[Site "Groningen"]
[Date "1988.??.??"]
[Round "?"]
[White "Douven, Rudy C"]
[Black "Nunn, John DM"]
[Result "1/2-1/2"]
[WhiteElo "2430"]
[BlackElo "2620"]

1.d4 Nf6 2.Nf3 g6 3.c4 Bg7 4.Nc3 O-O 5.e4 c6 6.e5 Ne8 7.Be2 d6 8.Bf4 Bg4
9.O-O Nd7 10.exd6 Nxd6 11.Ne5 Be6 12.Nxd7 Bxd7 13.d5 c5 14.Bd3 Rc8 15.Re1 Re8
16.Be5 Bxe5 17.Rxe5 f6 18.Re3 e5 19.dxe6 Bxe6 20.Bxg6 hxg6 21.Rd3 Bxc4 22.Rxd6 Qe7
23.h3 Rcd8 24.Rxd8 Rxd8 25.Qa4 Ba6 26.Qe4 Kf7 27.Qh4 Kg7 28.f3 Qe3+ 29.Kh1 Qd4
30.Qg3 Qd6 31.Qf2 b6 32.Rd1 Qf8 33.Re1 Re8 34.Rd1 Rd8 35.Re1 Re8 36.Rd1  1/2-1/2

[Event "Linares"]
[Site "Linares"]
[Date "1988.??.??"]
[Round "?"]
[White "Nunn, John DM"]
[Black "Timman, Jan H"]
[Result "0-1"]
[WhiteElo "2615"]
[BlackElo "2675"]

1.e4 e6 2.d4 d5 3.Nc3 Nf6 4.e5 Nfd7 5.f4 c5 6.Nf3 Nc6 7.Be3 cxd4 8.Nxd4 Bc5
9.Qd2 O-O 10.O-O-O a6 11.Kb1 Bxd4 12.Bxd4 b5 13.Be2 b4 14.Na4 Nxd4 15.Qxd4 Qa5
16.b3 Bb7 17.Bd3 Bc6 18.Nb2 Qc5 19.Qxc5 Nxc5 20.Rd2 a5 21.Rc1 a4 22.g3 Rfb8
23.Nd1 h6 24.Nf2 Ra5 25.Bf1 Rba8 26.Be2 Be8 27.h4 f6 28.h5 fxe5 29.fxe5 axb3
30.cxb3 Nxb3 31.axb3 Ra1+ 32.Kc2 Rc8+ 33.Bc4 Rxc1+ 34.Kxc1 dxc4 35.g4 cxb3+
36.Kb2 Bc6 37.Kxb3 Rb8 38.Rd4 Bd5+ 39.Kb2 b3 40.Nd3 Rc8 41.Nf4 Rc2+ 42.Kb1 Rc4
43.Rxc4 Bxc4 44.Kb2 Kf7 45.Kc3 Ke7 46.Nh3 Kd7 47.g5 hxg5 48.Nxg5 Kc6 49.Ne4 Kd5
50.Nf6+ gxf6 51.exf6 b2 52.Kxb2 Kd6 53.Kc3 Ba2 54.Kc2 e5  0-1

[Event "Linares"]
[Site "Linares"]
[Date "1988.??.??"]
[Round "?"]
[White "Nunn, John DM"]
[Black "Jussupow, Artur"]
[Result "0-1"]
[WhiteElo "2615"]
[BlackElo "2620"]

1.e4 e6 2.d4 d5 3.Nc3 Bb4 4.e5 Ne7 5.a3 Bxc3+ 6.bxc3 c5 7.Nf3 Qc7 8.a4 b6
9.Bb5+ Bd7 10.Bd3 Nbc6 11.O-O h6 12.Re1 O-O 13.Ba3 Na5 14.dxc5 bxc5 15.Nd2 Bxa4
16.Bxc5 Qxc5 17.Rxa4 Qxc3 18.Re3 Kh8 19.g4 Ng6 20.Nf3 Rab8 21.Bc4 Qb2 22.Bb3 Nc6
23.Ra2 Rxb3 24.Rxb2 Rxb2 25.Qc1 Rb4 26.h3 Rfb8 27.Kh2 a5 28.Kg3 Rc4 29.c3 a4
30.Nd2 Ncxe5 31.Qa1 Rc7 32.Qxa4 Rbc8 33.Qa5 Nc4 34.Nxc4 Rxc4 35.h4 Nf4 36.g5 h5
37.Rf3 e5 38.Qa7 Rxc3 39.Rxc3 Rxc3+ 40.Kh2 Rh3+ 41.Kg1 Rxh4 42.Qb8+ Kh7 43.Qxe5 Kg6
44.Qd6+ Ne6 45.Qxd5 Rg4+ 46.Kh2 Rxg5 47.Qe4+ Rf5 48.Qd3 Ng5 49.Kg3 Nf3 50.Qe4 Ne5
51.Qc2 Ng4 52.f3 Ne5 53.f4 Ng4 54.Qd3 Nh6 55.Qd6+ Kh7 56.Qd3 g6 57.Qd7 Ng4
58.Qa7 Kg7 59.Qd4+ Nf6 60.Qb2 Kh7 61.Qb7 Nd5 62.Qa7 Nxf4 63.Qd7 Ne6 64.Qb7 Rf4
65.Qb5 h4+ 66.Kh3 g5 67.Qb7 Nf8 68.Qd5 Kh6 69.Qd6+ Ng6 70.Qd2 g4+ 71.Kg2 Kh5
72.Qd5+ f5 73.Qd7 h3+ 74.Kg1 g3 75.Qh7+ Kg5 76.Qxh3 Nh4  0-1